Del fuego al robot

Saved in:
Bibliographic Details
Main Author: Michelow Veiler, Jaime (autor)
Format: Book
Language:Spanish
Published: Santiago Mineduc 2001
Series:Programa de Mejoramiento de la Calidad de las Escuelas Básicas de Sectores Pobres
Subjects:
Tags: Add Tag
No Tags, Be the first to tag this record!

MARC

LEADER 00000nam a2200000 a 4500
001 UCN7769
003 CL-VaPUC
008 011026e20010200CL |||||||||||||||||spa|d
082 0 4 |a 372.7  |b MIC  |2 21 
100 |a Michelow Veiler, Jaime  |e autor  |9 463847 
245 1 0 |a Del fuego al robot 
246 1 0 |a Aprendiendo Matemáticas con Calculadora 
300 |a 80 p 
942 |c BK 
945 |d 20011026 00:00:00  |a cmena 
260 |a Santiago  |b Mineduc  |c 2001 
650 0 |a Matemáticas  |x Enseñanza  |9 875527 
650 0 |a Métodos de enseñanza  |9 270413 
650 0 |a Calculadoras  |9 353224 
650 0 |a Educación básica   |9 224933 
583 |a last modification  |c 20011026 00:00:00  |k Rodrigo Vera 
490 0 |a Programa de Mejoramiento de la Calidad de las Escuelas Básicas de Sectores Pobres 
999 |c 297974  |d 297972 
952 |0 0  |1 0  |4 0  |6 372_700000000000000_MIC_2001  |7 0  |8 P  |9 353080  |a BIBEDU  |b BIBEDU  |d 2019-11-21  |i 3754502  |o 372.7 MIC 2001  |p 3754502  |r 2019-11-21  |w 2019-11-21  |y BK  |k BME 
952 |0 0  |1 0  |4 0  |6 372_700000000000000_MIC_2001  |7 0  |8 P  |9 353081  |a BIBEDU  |b BIBEDU  |d 2019-11-21  |i 3941876  |o 372.7 MIC 2001  |p 3941876  |r 2019-11-21  |w 2019-11-21  |y BK  |k EPE 
952 |0 0  |1 0  |4 0  |6 372_700000000000000_MIC_2001  |7 0  |8 P  |9 353082  |a BIBEDU  |b BIBEDU  |d 2019-11-21  |i 3998762  |o 372.7 MIC 2001  |p 3998762  |r 2019-11-21  |w 2019-11-21  |y BK  |k EBA 
952 |0 0  |1 0  |4 0  |6 372_700000000000000_MIC_2001  |7 0  |8 P  |9 353083  |a BIBEDU  |b BIBEDU  |d 2019-11-21  |i 3998770  |o 372.7 MIC 2001  |p 3998770  |r 2019-11-21  |w 2019-11-21  |y BK  |k EBA 
952 |0 0  |1 0  |4 0  |6 372_700000000000000_MIC_2001  |7 0  |8 P  |9 353084  |a BIBEDU  |b BIBEDU  |c BIBEDU_PB  |d 2019-11-21  |i 3998789  |o 372.7 MIC 2001  |p 3998789  |r 2024-01-25  |w 2019-11-21  |y BK  |k EBA 
952 |0 0  |1 0  |4 0  |6 372_700000000000000_MIC_2001  |7 0  |8 P  |9 353085  |a BIBEDU  |b BIBEDU  |d 2019-11-21  |i 4013697  |o 372.7 MIC 2001  |p 4013697  |r 2019-11-21  |w 2019-11-21  |y BK  |k EPE